000 00865nas a2200289 4500
001 BR2012000888
003 BR-BrBNA
005 20231205120128.0
007 ta
008 230509b bl.|||p| |||| 00| 00por d
040 _aBR-BrBNA
_bpor
_cBiblioteca Nacional de Agricultura
041 _a(Pt)
072 _aL70
100 1 _aCastro, M.G.
100 1 _aTôrres, R.C.S.
100 1 _aAraújo, R.B.
100 1 _aMuzzi, R.A.L.
100 1 _aSilva, E.F.
245 1 _aEcocardiografia de cães da raça Yorkshire Terrier clinicamente normais
650 _aCÃO
650 _aCORAÇÃO
650 _aULTRA-SOM
650 _aCARDIOPATIA
773 0 _tArquivo Brasileiro de Medicina Veterinária e Zootecnia (Brazil)
_xISSN 0102-0935
_g(Oct 2011), v. 63(5) p. 1079-1086
_wBR2012000888
909 _a202311
_bLúcia
_c55
_dLúcia Elande
942 _2AGRIS
_n0
_cANA
999 _c217147
_d217147